000
00318nam a2200121Ia 4500
008
190216s9999||||xx |||||||||||||| ||und||
100
_a
Emeleus H J & Sharpe
245
0
_a
Modern Aspects Of Inorganic Chemistry
260
_b
Universal Bookstall Newdelhi
_c
1996
300
_a
677p
650
_a
Chemistry
942
_c
BK
999
_c
2879
_d
2879